The Longman Encyclopedia (Record no. 3478)

MARC details
005 - DATE AND TIME OF LATEST TRANSACTION
control field 20250609084111.0
020 ## - INTERNATIONAL STANDARD BOOK NUMBER
International Standard Book Number 0-582-91620-8
082 ## - DEWEY DECIMAL CLASSIFICATION NUMBER
Classification number REF 032 LON
111 ## - MAIN ENTRY--MEETING NAME
Meeting name or jurisdiction name as entry element LONGMAN
245 ## - TITLE STATEMENT
Title The Longman Encyclopedia
260 ## - PUBLICATION, DISTRIBUTION, ETC.
Place of publication, distribution, etc. London,
Name of publisher, distributor, etc. Longman,
Date of publication, distribution, etc. 1989.
300 ## - PHYSICAL DESCRIPTION
Extent 1178p.: ill.; map, picture, table.
Dimensions 29cm.
700 ## - ADDED ENTRY--PERSONAL NAME
Other authors/Editors BRIGGS & ASSA.
942 ## - ADDED ENTRY ELEMENTS (KOHA)
Source of classification or shelving scheme Dewey Decimal Classification
Koha item type Books
Holdings
Date last seen Total checkouts Full call number Barcode Cost, replacement price Price effective from Koha item type Lost status Source of classification or shelving scheme Damaged status Not for loan Withdrawn status Home library Current library Shelving location Date acquired Cost, normal purchase price
06/09/2025   REF 032 LON 00000011634 30000.00 06/09/2025 Books   Dewey Decimal Classification       College of Business Education Main Library College of Business Education Main Library Reference Collection 08/10/1990 10000.00